000 00611nam a2200229Ia 4500
003 OSt
005 20221005121315.0
006 a|||||r|||| 00| 0
007 ta
008 221004b |||||||| |||| 00| 0 eng d
024 _a66915
037 _cTextual
040 _aCRL
_cCRL
_beng
041 _2eng
_aeng
082 _aV73:19:N5, J9-;1
100 _aMangone Gerald J.
_9630357
245 0 _aGuide to United States foreign policy
260 _c1959
650 _aUNITED STATES - HISTORY
_931585
942 _hV73:19:N5, J9-;1
_cTEXL
_2cc
999 _c1040701
_d1040701